Please take care of my daughter(chinese)

Bibliographic Details
Main Author: Terelin Akira
Format: Book
Published: China : Daejon , 2012
Subjects:

MARC

LEADER 00000cam a2200000 7i4500
001 0000073642
005 20170606.0
008 170606
020 |a 9789861792453 
090 0 0 |a 649.1   |b TER 
100 0 |a Terelin Akira 
245 0 0 |a Please take care of my daughter(chinese)   |c Terelin Akira 
260 |a China :   |b Daejon ,   |c 2012 
300 |a 285 p. ;   |c 21 cm. 
541 0 0 |c Donation books 
650 0 |a Child rearing 
650 0 |a Parenting 
999 |a 0001461595   |b Book   |c Chinese Collection   |e Cawangan AEON Kulaijaya